Reincidencia y mediacin̤ en menores

Bibliographic Details
Main Author: Corbalǹ Olivert, Montserrat
Other Authors: Moreno Gl̀vez, Mara̕ A.
Format: eBook
Language:Spanish
Published: Barcelona : J.M. Bosch Editor, 2013
Subjects:
Online Access:http://www.vlex.com/source/7278

MARC

LEADER 00000nam a22000007a 4500
005 20130228150932.0
007 cr|||| ||||
008 130228e2013 sp |||||s|||| 00||0 spa d
020 |a 978-84-940751-7-9 
035 |a 7278 
040 |a vLex 
090 |c 3783  |d 3783 
100 1 0 |a Corbalǹ Olivert, Montserrat  
245 1 0 |a Reincidencia y mediacin̤ en menores  |h [Recurso electrn̤ico] 
256 |a Servicio en ln̕ea 
260 |a Barcelona :  |b J.M. Bosch Editor,   |c 2013 
300 |a 1 Recurso electrn̤ico 
650 0 4 |a Menores 
650 0 4 |a Menores de edad penal 
650 0 4 |a Menores de edad 
700 1 0 |a Moreno Gl̀vez, Mara̕ A.  
740 |a vLex Libros (Servicio en ln̕ea) 
856 |a Acceso restringido  |u http://www.vlex.com/source/7278 
942 |c BOOK